<?xml version="1.0" encoding="UTF-8"?>
<record
    xmlns:xsi="http://www.w3.org/2001/XMLSchema-instance"
    xsi:schemaLocation="http://www.loc.gov/MARC21/slim http://www.loc.gov/standards/marcxml/schema/MARC21slim.xsd"
    xmlns="http://www.loc.gov/MARC21/slim">

  <leader>02796cam a2200337 a 4500</leader>
  <controlfield tag="003">EG-GiCUC</controlfield>
  <controlfield tag="005">20250223031730.0</controlfield>
  <controlfield tag="008">170610s2016    ua dh  f m    000 0 eng d</controlfield>
  <datafield tag="040" ind1=" " ind2=" ">
    <subfield code="a">EG-GiCUC</subfield>
    <subfield code="b">eng</subfield>
    <subfield code="c">EG-GiCUC</subfield>
  </datafield>
  <datafield tag="041" ind1="0" ind2=" ">
    <subfield code="a">eng</subfield>
  </datafield>
  <datafield tag="049" ind1=" " ind2=" ">
    <subfield code="a">Deposite</subfield>
  </datafield>
  <datafield tag="097" ind1=" " ind2=" ">
    <subfield code="a">M.Sc</subfield>
  </datafield>
  <datafield tag="099" ind1=" " ind2=" ">
    <subfield code="a">Cai01.11.28.M.Sc.2016.As.O</subfield>
  </datafield>
  <datafield tag="100" ind1="0" ind2=" ">
    <subfield code="a">Asmaa Abdelsalam Mohammed</subfield>
  </datafield>
  <datafield tag="245" ind1="1" ind2="0">
    <subfield code="a">Outcome of acute lower respiratory tract infections in under five years children / </subfield>
    <subfield code="c">Asmaa Abdelsalam Mohammed ; Supervised Manal Elsayed Abdelmeguid , Azza Kamal Abdelmeguid</subfield>
  </datafield>
  <datafield tag="246" ind1="1" ind2="5">
    <subfield code="a">&#x646;&#x62A;&#x64A;&#x62C;&#x629; &#x627;&#x644;&#x639;&#x62F;&#x648; &#x627;&#x644;&#x62D;&#x627;&#x62F;&#x629; &#x644;&#x644;&#x62C;&#x647;&#x627;&#x632;&#x627;&#x644;&#x62A;&#x646;&#x641;&#x633;&#x649; &#x627;&#x644;&#x633;&#x641;&#x644;&#x649; &#x644;&#x644;&#x627;&#x637;&#x641;&#x627;&#x644; &#x62F;&#x648;&#x646; &#x633;&#x646; &#x627;&#x644;&#x62E;&#x627;&#x645;&#x633;&#x629;</subfield>
  </datafield>
  <datafield tag="260" ind1=" " ind2=" ">
    <subfield code="a">Cairo : </subfield>
    <subfield code="b">Asmaa Abdelsalam Mohammed , </subfield>
    <subfield code="c">2016</subfield>
  </datafield>
  <datafield tag="300" ind1=" " ind2=" ">
    <subfield code="a">165 P. : </subfield>
    <subfield code="b">charts , facsimiles ; </subfield>
    <subfield code="c">25cm</subfield>
  </datafield>
  <datafield tag="502" ind1=" " ind2=" ">
    <subfield code="a">Thesis (M.Sc.) - Cairo University - Faculty of Medicine - Department of Pediatrics</subfield>
  </datafield>
  <datafield tag="520" ind1=" " ind2=" ">
    <subfield code="a">Background: Acute lower respiratory tract infections (ALRTI) are the main cause of morbidity and mortality in young children. These accounts for 33-50% mortality in children below 5 years of age, most of them in underdeveloped countries. Objectives:To identify the outcome of acute lower respiratory tract infections (ALRTI) in under five years old childrenand to evaluate their correlation with complications, mortality and the length of hospital stay. Methods: A prospective cohort study included 75 patients aged between 1 month and 5 years who were hospitalized at Cairo university pediatric hospital suffering from acute lower respiratory tract infections, during the period from February 2015 to January 2016. Results: The incidence of different acute lower respiratory tract infections at admission was:pneumonia (68%) and bronchiolitis (32%). Lack of exclusive breast feeding, incomplete immunization, malnutrition and anemia were identified as significant risk factors for ALRTI. Mortality percentage was 6.7% and was associated withprolonged hospital stay, mechanical ventilation,cyanosis and hypocalcemiawith no significant independent predictors of mortality. Conclusion:Pneumonia and bronchiolitis were the presenting disorders in our study and were associated with many demographic, clinical, hematological and radiological findings affecting their outcome either mortality or morbidity. Thus, collection, interpretation and study of these findings should be performed thoroughly</subfield>
  </datafield>
  <datafield tag="530" ind1=" " ind2=" ">
    <subfield code="a">Issued also as CD</subfield>
  </datafield>
  <datafield tag="653" ind1=" " ind2="4">
    <subfield code="a">Acute lower respiratory tract</subfield>
  </datafield>
  <datafield tag="653" ind1=" " ind2="4">
    <subfield code="a">Five years children  </subfield>
  </datafield>
  <datafield tag="653" ind1=" " ind2="4">
    <subfield code="a">Pediatric hospital</subfield>
  </datafield>
  <datafield tag="700" ind1="0" ind2=" ">
    <subfield code="a">Azza Kamal Abdelmeguid , </subfield>
    <subfield code="e">Supervisor</subfield>
  </datafield>
  <datafield tag="700" ind1="0" ind2=" ">
    <subfield code="a">Manal Elsayed Abdelmeguid , </subfield>
    <subfield code="e">Supervisor</subfield>
  </datafield>
  <datafield tag="856" ind1=" " ind2=" ">
    <subfield code="u">http://172.23.153.220/th.pdf</subfield>
  </datafield>
  <datafield tag="905" ind1=" " ind2=" ">
    <subfield code="a">Nazla</subfield>
    <subfield code="e">Revisor</subfield>
  </datafield>
  <datafield tag="905" ind1=" " ind2=" ">
    <subfield code="a">Samia</subfield>
    <subfield code="e">Cataloger</subfield>
  </datafield>
  <datafield tag="942" ind1=" " ind2=" ">
    <subfield code="2">ddc</subfield>
    <subfield code="c">TH</subfield>
  </datafield>
  <datafield tag="999" ind1=" " ind2=" ">
    <subfield code="c">61132</subfield>
    <subfield code="d">61132</subfield>
  </datafield>
  <datafield tag="952" ind1=" " ind2=" ">
    <subfield code="2">ddc</subfield>
    <subfield code="7">0</subfield>
    <subfield code="a">CUCL</subfield>
    <subfield code="b">cl210</subfield>
    <subfield code="d">2024-02-11</subfield>
    <subfield code="o">Cai01.11.28.M.Sc.2016.As.O</subfield>
    <subfield code="p">01010110071803000</subfield>
    <subfield code="r">2023-09-22 00:00:00</subfield>
    <subfield code="y">TH</subfield>
  </datafield>
  <datafield tag="952" ind1=" " ind2=" ">
    <subfield code="2">ddc</subfield>
    <subfield code="7">0</subfield>
    <subfield code="a">CUCL</subfield>
    <subfield code="b">cl2u8</subfield>
    <subfield code="d">2024-02-11</subfield>
    <subfield code="o">Cai01.11.28.M.Sc.2016.As.O</subfield>
    <subfield code="p">01020110071803000</subfield>
    <subfield code="r">2023-09-22 00:00:00</subfield>
    <subfield code="t">71803.CD</subfield>
    <subfield code="y">CD</subfield>
  </datafield>
</record>
